| 000 | 00858nam a2200301Ia 4500 | ||
|---|---|---|---|
| 001 | dia_2658 | ||
| 003 | CHAP | ||
| 005 | 20230508110058.0 | ||
| 008 | 220117s1978 xx 000 0 und d | ||
| 010 | _a173177 | ||
| 020 | _a0-87055-278-3 | ||
| 040 | _cCHAP | ||
| 082 | _a664 C43 1978 | ||
| 100 |
_aCharm, Stanley E. _921980 |
||
| 245 |
_aThe fundamentals of food engineering / _c Stanley E. Charm |
||
| 250 | _a3a ed. | ||
| 260 |
_aEstados Unidos de América : _b AVI, _c1978 |
||
| 300 | _axvi, 646 p. | ||
| 500 | _aEj. 2 y 3 son material fotocopiado | ||
| 503 | _aI. 144326 | ||
| 504 | _aIncluye referencias | ||
| 650 |
_aAlimentos _xIndustria _94227 |
||
| 650 |
_aAlimentos _xTecnologĂa _94284 |
||
| 901 | _a664 C43 1978 | ||
| 902 | _aM | ||
| 905 | _a5232271978 -usamn 8212223322eng16 | ||
| 942 |
_cLIBRO _2ddc |
||
| 999 |
_c173177 _d173177 |
||